01672nab a22002537a 4500999001500000003000400015005001700019008004100036040000700077100004000084245008700124260007300211300001500284500007500299505066200374505008901036650003301125650003401158650002301192650002601215650002201241773014201263942001301405 c6371d6371OSt20260131211136.0190603e xxum|||| |||| 00| 0 spa d cPJ 95502aBarocelli, Sergio Sebastián10aDimensión colectiva del derecho del consumidor /cSergio Sebastián Barocelli.  cCiudad Autónoma de Buenos Aires :aThomson Reuters La Ley, b2025. ap. 297-308 aCita: TR LALEY AR/DOC/2862/2025 Publicado en: RCCyC 2025 (Diciembre). aSumario: I. Introducción.— II. Dimensión colectiva de la categoría jurídica "relación de consumo".— III. Dimensión colectiva del concepto de consumidor.— IV. Dimensión colectiva de la hipervulnerabilidad.— V. Dimensión colectiva del concepto de proveedor.— VI. Visibilización de una dimensión colectiva del orden público.— VII. Dimensión colectiva de los derechos de los consumidores.— VIII. Dimensión colectiva de las prácticas y cláusulas comerciales.— IX. Dimensión colectiva de las herramientas de tutela y mecanismos de implementación de los derechos de los consumidores.— X. A modo de conclusión.  t¿Te interesa el texto completo? Solicitalo al correo: koha@justierradelfuego.gov.ar 0aDEFENSA DEL CONSUMIDOR92597 0aDERECHOS DEL CONSUMIDOR92608 0aORDEN PUBLICO9716 0aDAÑO PUNITIVO96424 0aACCION PREVENTIVA0 0271393170dCiudad Autónoma de Buenos Aires : Thomson Reuters La Ley, 2015-tRevista Código Civil y Comercial. Nº 6 - Diciembre 2025 2udccANA